| 000 | 00000nam##2200000za#4500 |
| 001 | 9.668489 |
| 003 | CaOODSP |
| 005 | 20210615124212 |
| 007 | ta |
| 008 | 150407|2007||||xxc||||| f|0| 0 eng|d |
| 020 | |a978-0-662-49913-8 |
| 040 | |aCaOODSP|beng |
| 041 | |aeng |
| 041 | |afre |
| 043 | |an-cn--- |
| 086 | 1 |aCP54-14/2007 |
| 110 | 1 |aCanada.|bPublic Service Human Resources Management Agency of Canada. |
| 245 | 12|aA special calling : |bvalues, ethics and professional public service / |cby Kenneth Kernaghan. |
| 246 | 3 |aPublic service - studies and discoveries series |
| 260 | |aOttawa - Ontario : |bPublic Service Human Resources Management Agency of Canada |cc2007. |
| 300 | |aEnglish text, iii, 56p. ; |c23 cm. |
| 520 | 3 |aExamines a series of milestone developments lying between several watershed events in the evolution of Canada's values and ethics regime. |
| 563 | |aSoftcover |
| 590 | |a08-32|b2008-08-08 |
| 690 | 07|aEthics|2gcpds |
| 690 | 07|aPublic service|2gcpds |
| 720 | 1 |aKernaghan, Kenneth |
| 776 | 0#|tUne vocation spéciale : |w(CaOODSP)9.639248 |
| 776 | 0#|tA special calling : |w(CaOODSP)9.691353 |
| 792 | |tUne vocation spéciale : |efre|w(CaOODSP)9.668490 |